Statistics for Friends Family Tree - Map Quiz

Click here to take the quiz!

General Stats

  • This quiz has been taken 265 times
  • The average score is 5 of 6

Answer Stats

Answer % Correct
Judy Geller
92%
Chandler Bing
86%
Rachel Green
85%
Ben Geller
85%
Monica Geller-Bing
81%
Ross Geller
77%

Score Distribution

Percentile by Number Answered

Percent of People with Each Score

Your Score History

You have not taken this quiz